000
00302nam a22001217a 4500
008
180104b xxu||||| |||| 00| 0 eng d
041
_a
eng
080
_a
91
100
_a
42
101
_a
GJE
245
_a
CHILD SPACING TRO[ICAL AFRICA TRADITIONS AND CHANGE
_c
PAGA.H.J
942
_2
udc
_c
BK
999
_c
39676
_d
39676